00911nam a22002417a 450000500170000001000130001702000230003003500130005303700160006604000120008208200110009410000370010524501470014226000420028927000470033130000320037865000270041065000200043770000290045794200250048699900190051195201390053020170124105936.0 aB-209628 c250.00a8175370803 aB-209628 bCen Lib/Ret aDPLbEN a230.31 aSharma,Pandit Hari Prakash99947 aThe revelation (probe) hindu gods and goddesses :cby Pandit Hari Prakash Sharma,edited by Vinod kumar Mehrabdivinities or personifications / aChandigarhbVishvas publicationsc00? a167,Indl. area phase 2bChandigarhe160002 axvi,270p. :c21cm(Hb)bill. a Hindu- religion99948 a Hinduism99949 aMehra,Vinod kumar 99950 2ddccENh230.31mSHA c124246d124246 00104070aLbLd2015-06-15eCen Lib/Retg250.00l1o230.31 SHApB-209628r2017-11-02 00:00:00s2017-10-14t1v250.00w2015-06-15yEN